000 00584nam a2200229Ia 4500
003 OSt
005 20221007081255.0
006 a|||||r|||| 00| 0
007 ta
008 221006b |||||||| |||| 00| 0 eng d
024 _a13,454
037 _cTextual
040 _aFLL
_cFLL
_beng
041 _2eng
_aeng
082 _aW:2, J1
100 _aWheare K.C. Au.
245 0 _aModern constitutions
260 _aNew York
_bOxford university press U.S.A.
_c1951
300 _a150p
_ccm.
942 _hW:2, J1
_cTEXL
_2CC
999 _c1162607
_d1162607